<?xml version="1.0" encoding="UTF-8"?><marc:collection xmlns:marc="http://www.loc.gov/MARC21/slim">
  <marc:record>
    <marc:leader>00000nam  2200000za 4500</marc:leader>
    <marc:controlfield tag="001">9.848861</marc:controlfield>
    <marc:controlfield tag="003">CaOODSP</marc:controlfield>
    <marc:controlfield tag="005">20240327104124</marc:controlfield>
    <marc:controlfield tag="007">cr |||||||||||</marc:controlfield>
    <marc:controlfield tag="008">171214s2018    onc     ot   f00| 0 fre  </marc:controlfield>
    <marc:datafield tag="020" ind1=" " ind2=" ">
      <marc:subfield code="a">9780660242866</marc:subfield>
    </marc:datafield>
    <marc:datafield tag="040" ind1=" " ind2=" ">
      <marc:subfield code="a">CaOODSP</marc:subfield>
      <marc:subfield code="b">fre</marc:subfield>
    </marc:datafield>
    <marc:datafield tag="043" ind1=" " ind2=" ">
      <marc:subfield code="a">n-cn---</marc:subfield>
    </marc:datafield>
    <marc:datafield tag="086" ind1="1" ind2=" ">
      <marc:subfield code="a">CH57-3/1-33-2018F-PDF</marc:subfield>
    </marc:datafield>
    <marc:datafield tag="100" ind1="1" ind2=" ">
      <marc:subfield code="a">Tétreault, Jean, </marc:subfield>
      <marc:subfield code="d">1963-</marc:subfield>
    </marc:datafield>
    <marc:datafield tag="245" ind1="1" ind2="0">
      <marc:subfield code="a">Gel de silice </marc:subfield>
      <marc:subfield code="h">[ressource électronique] : </marc:subfield>
      <marc:subfield code="b">contrôle passif de l'humidité relative / </marc:subfield>
      <marc:subfield code="c">Jean Tétreault et Paul Bégin.</marc:subfield>
    </marc:datafield>
    <marc:datafield tag="260" ind1=" " ind2=" ">
      <marc:subfield code="a">Ottawa : </marc:subfield>
      <marc:subfield code="b">Patrimoine canadien, </marc:subfield>
      <marc:subfield code="c">c2018.</marc:subfield>
    </marc:datafield>
    <marc:datafield tag="300" ind1=" " ind2=" ">
      <marc:subfield code="a">23 p.</marc:subfield>
    </marc:datafield>
    <marc:datafield tag="490" ind1="1" ind2=" ">
      <marc:subfield code="a">Bulletin technique (Institut canadien de conservation) ; </marc:subfield>
      <marc:subfield code="v">No. 33</marc:subfield>
    </marc:datafield>
    <marc:datafield tag="500" ind1=" " ind2=" ">
      <marc:subfield code="a">Publi. aussi en anglais sous le titre : Silica gel: passive control of relative humidity.             </marc:subfield>
    </marc:datafield>
    <marc:datafield tag="500" ind1=" " ind2=" ">
      <marc:subfield code="a">No de catalogue: CH57-3/1-33-2018F et ISBN 978-0-660-24287-3 pour l'édition imprimée ont été incorrectement copiés dans l'édition PDF.</marc:subfield>
    </marc:datafield>
    <marc:datafield tag="504" ind1=" " ind2=" ">
      <marc:subfield code="a">Comprend des références bibliographiques.</marc:subfield>
    </marc:datafield>
    <marc:datafield tag="520" ind1=" " ind2=" ">
      <marc:subfield code="a">« Le présent Bulletin technique vise à expliquer le besoin de contrôler l’humidité relative (HR) dans un musée. Une HR variable peut endommager les matières organiques, tandis que d’autres objets, comme ceux qui sont faits de métal, exigent un faible point de consigne de l’HR pour garantir une conservation optimale. Le contrôle de l’HR peut être effectué de manière passive au moyen de sorbant d’humidité, dont le plus courant est legel de silice, dans un contenant de protection, comme une vitrine d’exposition. Le présent Bulletin fournit une équation basée sur des évaluations du pouvoir tampon de produits commerciaux courants afin d’aider à déterminer la quantité de sorbant requise. Il décrit également différentes façons d’utiliser l’équation dans divers scénarios et propose des méthodes pour conditionner un sorbant d’humidité »--Résumé.</marc:subfield>
    </marc:datafield>
    <marc:datafield tag="692" ind1="0" ind2="7">
      <marc:subfield code="2">gccst</marc:subfield>
      <marc:subfield code="a">Conservation </marc:subfield>
    </marc:datafield>
    <marc:datafield tag="700" ind1="1" ind2=" ">
      <marc:subfield code="a">Bégin, Paul,</marc:subfield>
      <marc:subfield code="d">1963-</marc:subfield>
    </marc:datafield>
    <marc:datafield tag="710" ind1="1" ind2=" ">
      <marc:subfield code="a">Canada. </marc:subfield>
      <marc:subfield code="b">Patrimoine canadien.</marc:subfield>
    </marc:datafield>
    <marc:datafield tag="710" ind1="2" ind2=" ">
      <marc:subfield code="a">Institut canadien de conservation.</marc:subfield>
    </marc:datafield>
    <marc:datafield tag="775" ind1="0" ind2="8">
      <marc:subfield code="t">Silica gel </marc:subfield>
      <marc:subfield code="w">(CaOODSP)9.848854</marc:subfield>
    </marc:datafield>
    <marc:datafield tag="776" ind1="0" ind2="#">
      <marc:subfield code="t">Gel de silice : </marc:subfield>
      <marc:subfield code="w">(CaOODSP)9.848864</marc:subfield>
    </marc:datafield>
    <marc:datafield tag="794" ind1=" " ind2=" ">
      <marc:subfield code="t">Gel de silice : </marc:subfield>
      <marc:subfield code="w">(CaOODSP)9.889030</marc:subfield>
    </marc:datafield>
    <marc:datafield tag="830" ind1="#" ind2="0">
      <marc:subfield code="a">Bulletin technique (Institut canadien de conservation)</marc:subfield>
      <marc:subfield code="v">No. 33</marc:subfield>
      <marc:subfield code="w">(CaOODSP)9.806396</marc:subfield>
    </marc:datafield>
    <marc:datafield tag="856" ind1="4" ind2="0">
      <marc:subfield code="q">PDF</marc:subfield>
      <marc:subfield code="s">1.24 Mo</marc:subfield>
      <marc:subfield code="u">https://publications.gc.ca/collections/collection_2018/pch/CH57-3-1-33-2018-fra.pdf</marc:subfield>
      <marc:subfield code="z">(copie 1)</marc:subfield>
    </marc:datafield>
    <marc:datafield tag="856" ind1="4" ind2="0">
      <marc:subfield code="q">PDF</marc:subfield>
      <marc:subfield code="s">772 Ko</marc:subfield>
      <marc:subfield code="u">https://publications.gc.ca/collections/collection_2018/pch/CH57-3-1-33-2018-1-fra.pdf</marc:subfield>
      <marc:subfield code="z">(copie 2)</marc:subfield>
    </marc:datafield>
  </marc:record>
</marc:collection>
